| 000 | 01268cam a2200349 i 4500 | ||
|---|---|---|---|
| 999 |
_c330353 _d330353 |
||
| 001 | 19053602 | ||
| 003 | NUST | ||
| 005 | 20170621150721.0 | ||
| 008 | 160413s2015 pk b 001 0 eng | ||
| 010 | _a 2016349090 | ||
| 020 | _a9780199400348 | ||
| 025 | _aP-E-2016349090; 33 | ||
| 037 | _bLibrary of Congress -- Islamabad Overseas Office | ||
| 040 |
_aDLC _beng _cDLC _erda |
||
| 042 |
_alcode _apcc |
||
| 043 | _aa-pk--- | ||
| 050 | 0 | 0 |
_aDS389 _b.D65 2016 |
| 082 |
_a954.9105 _bDOL 2016 |
||
| 100 | 1 |
_aDolnik, Adam, _eauthor. _93051 |
|
| 245 | 1 | 0 |
_aNegotiating the siege of the Lal Masjid / _cAdam Dolnik and Khuram Iqbal. |
| 250 | _aFirst edition. | ||
| 264 | 1 |
_aKarachi : _bOxford University Press, _c2016. |
|
| 300 |
_axvi, 278 pages ; _c23 cm |
||
| 336 |
_atext _btxt _2rdacontent |
||
| 337 |
_aunmediated _bn _2rdamedia |
||
| 338 |
_avolume _bnc _2rdacarrier |
||
| 504 | _aIncludes bibliographical references (pages 352-270) and index. | ||
| 651 | 0 |
_aPakistan _xHistory _yLāl Masjid (Islāmābād) Assault, 2007. _93052 |
|
| 651 | 0 |
_aPakistan _xPolitics and government _y21st century. _91623 |
|
| 700 | 1 |
_aIqbal, Khuram, _eauthor. _93053 |
|
| 906 |
_a7 _bcbc _corigode _d3 _encip _f20 _gy-gencatlg |
||
| 942 |
_2ddc _cBK |
||